16 évesen és tudatosan

Bibliographic Details
Other Authors: Ando, Krisztina (Interviewer)
Format: Article
Language:Hungarian
PhysicalDescription:Fotografie
ISSN:1335-938X
Subjects:

MARC

LEADER 00000nab a2200000 4500
001 vtls011856702
003 SK-MaSNL
005 20260318121856.0
008 190319|2019 xo |||| || ||00 0|hun
015 |a SNBRB2019/03 
040 |a DSZK  |b slo  |c DSZK  |e rda 
041 0 |a hun 
043 |a e-xo--- 
044 |a xo  |c SK 
072 7 |a 64  |x Domáce hospodárstvo  |2 konspekt 
072 7 |a 628  |x Sanitárna technika. Vodárenstvo. Odpadové hospodárstvo. Svetelná technika  |2 konspekt 
080 |a 64  |2 2011 
080 |a 502.173  |2 2011 
080 |a 628.477.6  |2 2011 
080 |a 502.17  |x (437.612)  |2 2011 
100 1 |a Ando, Krisztina  |4 ivr  |9 1035982 
245 1 0 |a 16 évesen és tudatosan  |c Ando Krisztina, Manczal Viktória 
246 3 |a Tizenhat évesen és tudatosan 
300 |b Fotografie 
336 |a text  |b txt  |2 rdacontent 
337 |a bez média  |b n  |2 rdamedia 
338 |a zväzok  |b nc  |2 rdacarrier 
600 1 7 |a Manczal, Viktória  |2 dszk  |9 1587812 
650 0 7 |a domáce hospodárstvo  |2 SNKPH  |9 2073 
650 0 7 |a odpad  |2 SNKPH  |9 14223 
650 0 7 |a nulový odpad  |2 dszk  |9 1108167 
650 0 7 |a ochrana životného prostredia  |2 SNKPH  |9 3352 
651 7 |a Dunajská Streda (Slovensko)  |2 SNKPHgeo  |9 17375 
700 1 |a Manczal, Viktória  |4 ive  |9 1587812 
773 0 |t Új nő  |g Évf. 25, sz. 3 (2019), o. 46-47  |x 1335-938X 
958 |a SK 
958 |a HU 
958 |a RG 
999 |c 3254321  |d 3256251